000 00991 a2200229 4500
001 41186
005 20260407155705.0
008 260407a2000 arg spa d
003 AR-UNSa-BCEJYS
040 _aAR-UNSa-BCEJYS
_bspa
_cAR-UNSa-BCEJYS
080 _a343.53
_xFraudes en el comercio y en la industria (Derecho Penal Económico)
245 1 0 _aEl delito de quiebra de sociedades
020 _a950-894-227-4
264 1 _aBuenos Aires :
_bAD-HOC
_c2000
300 _a254 p.
_c23 cm.
505 _a1. Introducción - 2. Quiebra fraudalenta de sociedades: aspectos comerciales según la Ley 24.522 - 3. Quiebra fraudalenta de sociedades según la Ley penal - 4. Acerca del tipo imprudente de quiebra de sociedades (art. 178 en función del art. 177, C.P.) -
041 _aspa
942 _cBK
590 _aniveau_biblio:m niveau_hierar:0
100 1 _aRafecas, Daniel Eduardo
856 4 1 _uhttps://biblioeco.unsa.edu.ar/pmb/images/libros/L126426.jpg
_yImagen de portada
_qimage/jpeg
999 _c3406
_d3406